Comecon : Integration problems of the planned economies

Spremljeno u:
Bibliografski detalji
Glavni autor: Kaser, Michael
Format: Knjiga
Jezik:Undetermined
Izdano: New York Oxford U.P 1967
Teme:
Oznake: Dodaj oznaku
Bez oznaka, Budi prvi tko označuje ovaj zapis!
Thư viện lưu trữ: Trung tâm Học liệu Trường Đại học Cần Thơ
LEADER 00528nam a2200193Ia 4500
001 CTU_85720
008 210402s9999 xx 000 0 und d
082 |a 382.914 
082 |b K19 
100 |a Kaser, Michael 
245 0 |a Comecon : 
245 0 |b Integration problems of the planned economies 
245 0 |c Michael Kaser 
260 |a New York 
260 |b Oxford U.P 
260 |c 1967 
650 |a Council for mutual economic assistance. 
904 |i Năm 
980 |a Trung tâm Học liệu Trường Đại học Cần Thơ